Journal of the Illinois State Historical Society

Bibliographic Details
Previous Title:Illinois historical journal (Online)
Corporate Author: Illinois State Historical Society
Format: Electronic Journal
Language:English
Published: Springfield, Ill. : Illinois State Historical Society, 1998-
Subjects:
Online Access:Full text available from Research Library: 04/01/1999 to present

MARC

LEADER 00000nas a2200000 a 4500
001 ssj0023808
003 WaSeSS
005 20200512172242.0
006 m d
007 cr n
008 050614c19989999iluqr p s o s0 a0eng c
010 |a  2009235494 
016 7 |a 999742825  |2 DE-101 
016 7 |a 2535045-6  |2 DE-600 
016 7 |a 2535045-6  |2 GyBeDBIZ 
022 |a 2328-3335  |y 1522-1067 
035 |a (WaSeSS)ssj0023808 
040 |a OCLCS  |b eng  |c OCLCS  |d TXJ  |d EYM  |d HUL  |d HEBIS  |d HUL  |d OCLCE  |d MYG  |d GWDNB  |d OCLCQ  |d DLC  |d OCLCF  |d OCLCQ  |d DEBBG  |d GILDS  |d OCLCO  |d AU@  |d WaSeSS 
042 |a pcc  |a nsdp 
043 |a n-us-il 
050 1 4 |a F536  |b .I18 
082 0 0 |a 977.3/005  |2 23 
130 0 |a Journal of the Illinois State Historical Society (1998 : Online) 
210 0 |a J. Ill. State Hist. Soc.  |b (1998, Online) 
222 0 |a Journal of the Illinois State Historical Society  |b (1998. Online) 
245 1 0 |a Journal of the Illinois State Historical Society  |h [electronic resource]. 
260 |a Springfield, Ill. :  |b Illinois State Historical Society,  |c 1998- 
310 |a Quarterly 
362 0 |a Vol. 91, no. 2 (summer 1998)- 
506 |a License restrictions may limit access. 
588 |a Description based on: Vol. 91, no. 2 (summer 1998); title from issue cover (JSTOR, viewed Aug. 5, 2010). 
588 |a Latest issue consulted: Vol. 100, no. 4 (winter 2007-2008) (JSTOR, viewed Aug. 5, 2010). 
651 0 |a Illinois  |x History  |v Periodicals. 
651 7 |a Illinois.  |2 fast  |0 (OCoLC)fst01205143 
655 0 |a Electronic journals. 
710 2 |a Illinois State Historical Society. 
776 0 8 |i Print version:  |t Journal of the Illinois State Historical Society (1998)  |x 1522-1067  |w (DLC) 99113398  |w (OCoLC)40058087 
780 0 0 |t Illinois historical journal (Online)  |x 2328-319X  |w (DLC) 2009235495  |w (OCoLC)192136809 
856 4 0 |z Full text available from Research Library: 04/01/1999 to present  |u https://search.proquest.com/publication/41166